01546cam a2200445 i 450000100060000000300090000600500170001500800390003201500170007102000150008804000280010304600090013108000150014008000080015508000100016308000090017310000440018224501860022626000560041230000360046833600270050433700540053133800280058538000160061338000260062938500390065538800140069438800140070849000370072250400260075965000280078565000250081365000180083865000210085665500170087765800310089471000410092583000360096685600980100223356KOSZ 00520200601082407.0981103s1986 pl a f f |000 0 pol aPB 1986/6068 a8301053070 aWA NcWA NdKOSZ 005/HR k1986 a624.012.45 a691 a539.5 a(07)1 aKwieciński, Marekd(1929-2004)eAutor10aProjektowanie żelbetowych układów płytowo-żebrowych metodami teorii plastyczności /cMarek Kwieciński ; Polska Akademia Nauk. Instytut Podstawowych Problemów Techniki. aWarszawa :bPaństwowe Wydawnictwo Naukowe,c1986. a256 s. :brys., wykr. ;c25 cm. 2rdacontentaTekstbtxt 2rdamediaaBez urządzenia pośredniczącegobn 2rdacarrieraWoluminbnc aKsiążki aPublikacje dyaktyczne mPoziom nauczaniaaSzkoły wyższe a1901-2000 a1945-19891 aBiblioteka Mechaniki Stosowanej. aBibliogr. s. 253-256. 4aKonstrukcje żelbetowe 4aPłyty konstrukcyjne 4aProjektowanie 4aPlastyczność 4aPodręcznik aArchitektura i budownictwo2 aPaństwowe Wydawnictwo Naukowe4pbl 0aBiblioteka Mechaniki Stosowanej uhttp://koha.tu.koszalin.pl/cgi-bin/koha/opac-detail.pl?biblionumber=23356yKatalog online BPK